000 00597nam a2200145Ia 4500
005 20260209120146.0
008 260209s9999||||xx |||||||||||||| ||und||
100 _aShenoy Gaurav Narasinha
245 0 _aAnimal slavery : our legal system at odds with the principle of equal consideration
260 _aBangaloreBangalore
_bNLSIU, Bangalore
_c2022
300 _a50 p. ; 25 cm.
505 _aAnimal Rights Animal Welfare Legislation Human Rights Human Slavery
700 _aProf. Jasmine Joseph - SupervisorProf. Jasmine Joseph - Supervisor
856 _uhttps://dans.nls.ac.in/handle/123456789/1158
999 _c217556
_d217556